000
00291nam a2200121Ia 4500
008
240624s9999 xx 000 0 und d
041
_a
eng
082
_a
657 ICF
100
_a
ICFAI
245
_a
MANAGEMENT ACCOUNTING STUDY GUIDE
260
_a
Hyderabad
_b
Icfai
300
_a
252 : p. : cm. ; 26
999
_c
8914
_d
8914